| 000 | 00834nam a22002897a 4500 | ||
|---|---|---|---|
| 003 | UA-OsUOA | ||
| 001 | 24035 | ||
| 007 | ta | ||
| 008 | 20040205b un ||||| |||| 00| 0 ukr d | ||
| 100 | _aСтичинський Б.С. | ||
| 700 | _aЗуб І.В. | ||
| 700 | _aРотань В.Г. | ||
| 090 |
_a34(094.4):3422 _bС80 |
||
| 942 | _cBK | ||
| 040 |
_aUA-OsUOA _bukr _cUA-OsUOA _dUA-OsUOA |
||
| 245 | _aНауково-практичний коментар до законодавства України про працю | ||
| 300 | _a1024 с. | ||
| 955 | _a0 | ||
| 041 | _aukr | ||
| 080 | _a34(094.4):3422 | ||
| 020 | _a966-539-421-5 | ||
| 260 |
_aКиїв _bВидавництво А.С.К. _c2003 |
||
| 044 | _aUA | ||
| 250 | _n4-те вид., допов. та переробл. | ||
| 650 | 7 | _2UDC | |
| 999 |
_c310298 _d310298 |
||